000 00502nam a2200193 a 4500
001 1770798117611
003 YourLibrary
005 20260211135741.0
008 260211s1999##################000#0#eng##
020 _a9780688168230
082 0 4 _a306.8742
_bBAR
100 1 _aBarron, James D.,
_eauthor.
245 1 0 _aShe's Had a Baby :
260 _bHarper Collins,
_c1999.
300 _a180 pages
650 0 _aFamily & Relationships.
942 _cENGLISH
040 _aYourLibrary
_beng
_cYourLibrary
999 _c611602
_d611602